La discographie de Disiz - Statistiques

Statistiques générales
  • Ce quiz a été pris 79 fois
    10 depuis la dernière actualisation
  • Le résultat moyen est 38 sur 243
Statistiques - réponses
Album Morceau % Correct
on s'en rappellera pas amsterdam
71%
L'Amour... SUBLIME
71%
Le Poisson rouge J'Pète Les Plombs
57%
L'Amour... L'AMOUR
57%
Le Poisson rouge Le poisson rouge
57%
on s'en rappellera pas melodrama
57%
Lucide Moïse
57%
L'Amour... RENCONTRE
57%
on s'en rappellera pas try try try
57%
Disiz the end. Bête de bombe 4
43%
Rap Machine Bête de bombe 6
43%
L'Amour... CASINO
43%
on s'en rappellera pas gloss
43%
Extra-lucide Go Go Gadget
43%
Les histoires extraordinaires d'un jeune de banlieue Inspecteur Disiz
43%
Les histoires extraordinaires d'un jeune de banlieue Inspecteur Disiz (Street Fabulous remix)
43%
Le Poisson rouge Intro
43%
Disiz the end. Intro / La fin du début
43%
Les histoires extraordinaires d'un jeune de banlieue Intro (Robin des halls)
43%
Disizilla Kaïju
43%
Le Poisson rouge L'avocat des anges
43%
Dans le ventre du crocodile Mutation (Intro)
43%
L'Amour... OH MADELEINE
43%
on s'en rappellera pas on s'en rappellera pas
43%
Le Poisson rouge Outro
43%
Les histoires extraordinaires d'un jeune de banlieue Outro (Les Mille Et Nuits)
43%
Pacifique Qu'ils ont de la chance
43%
Transe-lucide Terre (Intro)
43%
Lucide Toussa Toussa
43%
Extra-lucide Toussa Toussa (New Version)
43%
Pacifique Autre espèce
29%
Transe-lucide Banlieusard Syndrome
29%
on s'en rappellera pas baudelourd
29%
Lucide Bête de bombe 5
29%
on s'en rappellera pas ça s'appelle la mer
29%
L'Amour... CATCHEUR
29%
L'Amour... CONS' DE LOVE
29%
Jeu de société Cours d'histoire
29%
Disizilla Disizilla
29%
Disiz the end. Disiz the End
29%
L'Amour... EMOJI SOLEIL JAUNE
29%
Le Poisson rouge Fuck Disiz
29%
Le Poisson rouge Ghetto Sitcom
29%
Disizilla Hendek
29%
Disizilla Hiroshima
29%
Jeu de société Jeu de société
29%
Les histoires extraordinaires d'un jeune de banlieue Jeune de banlieue
29%
L'Amour... KLIMT + TERMINAL 2
29%
Pacifique La fille de la piscine
29%
Le Poisson rouge L'associé du diable
29%
Jeu de société Le réveil
29%
Le Poisson rouge Lyrics de gamin
29%
Disizilla Mastodonte
29%
on s'en rappellera pas paroboy
29%
L'Amour... POIDS LOURD
29%
on s'en rappellera pas rire de pleurer
29%
Pacifique Splash
29%
on s'en rappellera pas surfeur
29%
L'Amour... TUE L'AMOUR
29%
Lucide Un frigo, un cœur et des couilles
29%
Le Poisson rouge Un Scratch, Un Beat, Un Rap
29%
L'Amour... WEEK-END LOVER
29%
Jeu de société 91 Unda
14%
Pacifique ADN
14%
Itinéraire d'un enfant bronzé Aime ton prochain comme toi-même
14%
L'Amour... ALLELUIA
14%
L'Amour... ALL IN
14%
Disiz the end. Alors tu veux rapper ? / Flowmatic
14%
Jeu de société A nos actes manqués
14%
Pacifique Auto-Dance
14%
Itinéraire d'un enfant bronzé Ayoh Neneh
14%
on s'en rappellera pas babichou
14%
Rap Machine Basic Instinct
14%
L'Amour... BEAUGARÇONNE
14%
Les histoires extraordinaires d'un jeune de banlieue Bo gosse
14%
Rap Machine Bonnie sans Clyde
14%
Transe-lucide Burn Out (Sayonara)
14%
Pacifique Carré bleu
14%
on s'en rappellera pas casting sentimental
14%
Pacifique Ça va aller (Secret RMX)
14%
Disizilla Cercle rouge
14%
Le Poisson rouge C'est ça la France
14%
L'Amour... C'EST LE LOVE MAGUEULE
14%
Jeu de société C'est toujours ça la France
14%
Rap Machine Chaque week-end
14%
Transe-lucide Ciel (Interlude)
14%
Rap Machine Comme un rappeur (Wa Ever)
14%
Transe-lucide Complexité Française
14%
on s'en rappellera pas coppola
14%
L'Amour... DANDY OG
14%
Dans le ventre du crocodile Dans le ventre du crocodile
14%
Jeu de société Déjà vu
14%
Le Poisson rouge Dieu seul sait quand le glas sonne
14%
L'Amour... DISPO ?
14%
Itinéraire d'un enfant bronzé Djiguen
14%
Transe-lucide Echo
14%
Disizilla Enfant des rues
14%
Jeu de société Evry Slang
14%
on s'en rappellera pas fin
14%
Jeu de société Force ou faiblesse
14%
Les histoires extraordinaires d'un jeune de banlieue Fuck You Part 1
14%
Les histoires extraordinaires d'un jeune de banlieue Fuck You Part 2
14%
Itinéraire d'un enfant bronzé | Le Poisson rouge Gnibi
14%
Jeu de société Insécurité sociale
14%
Les histoires extraordinaires d'un jeune de banlieue Interlude Mc Pikachou
14%
Lucide J'ai la haine
14%
Le Poisson rouge J'irai cracher sur vos tombes
14%
Jeu de société J'suis gueze
14%
Les histoires extraordinaires d'un jeune de banlieue Juste Kiffer
14%
Transe-lucide Kadija
14%
Le Poisson rouge Klash pas quand même
14%
Les histoires extraordinaires d'un jeune de banlieue La fille facile
14%
Dans le ventre du crocodile La luciole
14%
Le Poisson rouge La philosophie du hall
14%
Rap Machine La promesse
14%
on s'en rappellera pas la rosée
14%
Jeu de société La trêve
14%
Le Poisson rouge Le 6eme sens
14%
Jeu de société Le bien c'est ma cible
14%
Le Poisson rouge Le challenger
14%
on s'en rappellera pas le recif
14%
Le Poisson rouge Les Rumeurs
14%
Itinéraire d'un enfant bronzé L'homme rendra des comptes
14%
Extra-lucide Life Is Good
14%
Pacifique L.U.T.T.E
14%
Pacifique Marquises
14%
Jeu de société Mc Pikachou
14%
Les histoires extraordinaires d'un jeune de banlieue Melissa
14%
Les histoires extraordinaires d'un jeune de banlieue Métisse (Remix)
14%
Transe-lucide Miskine
14%
Les histoires extraordinaires d'un jeune de banlieue Miss désillusion
14%
L'Amour... MODE D'EMPLOI
14%
Itinéraire d'un enfant bronzé Mom
14%
Lucide Mon amour
14%
Disizilla Monstrueuse
14%
Itinéraire d'un enfant bronzé N'Dioukel
14%
Jeu de société Nébuleuse
14%
Itinéraire d'un enfant bronzé N'Jillou
14%
Itinéraire d'un enfant bronzé N'Jillou (Part II)
14%
on s'en rappellera pas nouvel enregistrement 1231
14%
Jeu de société Oh le ouf
14%
Disizilla Owi
14%
Le Poisson rouge Plus Le Temps
14%
Pacifique Poisson étrange
14%
Extra-lucide Pour L'Homme
14%
L'Amour... QUARANTE-CINQ
14%
Pacifique Radeau
14%
Transe-lucide Rap Genius
14%
on s'en rappellera pas romainterlude
14%
Itinéraire d'un enfant bronzé Sama Ajana
14%
Itinéraire d'un enfant bronzé Sant Yalla
14%
Itinéraire d'un enfant bronzé Sénégalais de France
14%
Transe-lucide Spirales
14%
Jeu de société Système D
14%
Jeu de société Trop de chichis
14%
Extra-lucide Tu Brilles
14%
Disizilla Ulysse
14%
Les histoires extraordinaires d'un jeune de banlieue Une histoire extraordinaire
14%
Jeu de société Viens on discute
14%
on s'en rappellera pas zinterlude
14%
Disiz the end. 27 octobre
0%
Rap Machine Abuzeur
0%
Extra-lucide Actarus
0%
Pacifique À petit feu
0%
Rap Machine Arrête la voiture / Elle attend son fils
0%
Extra-lucide Best Day
0%
Rap Machine Bitchiz
0%
Extra-lucide Bullshitter
0%
Disiz the end. C'est la vérité
0%
Extra-lucide C’est Ma Tournée
0%
Extra-lucide Coda Vide
0%
Extra-lucide Cœur Gangster
0%
Extra-lucide Combien De Temps ?
0%
Pacifique Compliqué
0%
on s'en rappellera pas culpa
0%
Les histoires extraordinaires d'un jeune de banlieue Dans tes rêves (Radar Mix)
0%
Disiz the end. ...Derrière l'arbre (Interlude)
0%
Disizilla Dialogue entre monstres
0%
Transe-lucide Eau (Interlude)
0%
Extra-lucide Elle T'A Eu
0%
Rap Machine En réunion
0%
Extra-lucide Everything
0%
Extra-lucide Extra-Lucide
0%
Dans le ventre du crocodile Faire la mer
0%
Extra-lucide Fête Foraine
0%
Disizilla Fuck l'époque
0%
Transe-lucide Fuck Les Problèmes
0%
Extra-lucide Fukushima
0%
Lucide Gagne pain
0%
Transe-lucide Happy End
0%
Rap Machine Heureusement
0%
Disiz the end. Il est déjà trop tard
0%
Disiz the end. J'ai changé
0%
Extra-lucide Je Les Garde
0%
Dans le ventre du crocodile Je t'aime mais je te quitte
0%
Dans le ventre du crocodile Jolies planètes
0%
Transe-lucide Kamikaze
0%
Transe-lucide King Of Cool
0%
Disiz the end. Le monde sur mesure
0%
Rap Machine Les 10 Commandements du MC
0%
Extra-lucide Les Bienveillants
0%
Dans le ventre du crocodile Les équilibristes (Bonus Track)
0%
Dans le ventre du crocodile Les monstres
0%
Extra-lucide Les Moyens Du Bord
0%
Disiz the end. Le temps précieux
0%
Transe-lucide Lotus
0%
Disiz the end. L.O.V.E.
0%
Transe-lucide Luv (Prends Le Risque)
0%
Les histoires extraordinaires d'un jeune de banlieue Lyly
0%
Disizilla Mahboul
0%
Rap Machine Malcolm
0%
Transe-lucide Mc Kissinger
0%
Pacifique Menteur menteuse
0%
Pacifique Meulé meulé / Aighttt
0%
Disizilla N*Q**R la fac
0%
Disiz the end. Odyssée
0%
Rap Machine On s'comprend pas
0%
Rap Machine Oto moto
0%
Disiz the end. Papa Lova
0%
Dans le ventre du crocodile Paradoxe
0%
Pacifique Passage secret (Soma)
0%
Extra-lucide Polyuréthane (Plastic Life)
0%
Extra-lucide Porté Disparu
0%
Extra-lucide Prélude A La Rébellion Des Cœurs
0%
Dans le ventre du crocodile Problème XXX
0%
Pacifique Quand je serai chaos
0%
Disiz the end. Quand le peuple va se lever
0%
Dans le ventre du crocodile Rien comme les autres
0%
Extra-lucide Salauds d'Pauvres
0%
Itinéraire d'un enfant bronzé Soldat de paix
0%
Rap Machine Souveraine
0%
Disizilla Terre promise
0%
Disizilla Tout partira
0%
Dans le ventre du crocodile Trans-Mauritania
0%
Rap Machine Un jour j'ai fait un tag
0%
Lucide Validé
0%
Pacifique Vibe
0%
Extra-lucide Vide
0%
Itinéraire d'un enfant bronzé Voix du Sénégal
0%
Pacifique Watcha
0%
Dans le ventre du crocodile Yeah Yeah Yeah
0%
Rap Machine Year Of The Dragon
0%
Aucun quiz correspondant
Distribution des résultats
% des personnes avec chaque résultat
Percentile par nombre de réponses
Votre historique - résultats
Vous n’avez pas pris ce quiz depuis la dernière actualisation